| 000 | 00453nam a22001817a 4500 | ||
|---|---|---|---|
| 003 | MPLRDC | ||
| 005 | 20220104192142.0 | ||
| 008 | 210129b ||||| |||| 00| 0 eng d | ||
| 020 | _a978-967-5543-00-5 | ||
| 082 | _a738.678 ZYS | ||
| 100 | _a曾衍盛 | ||
| 245 |
_a青云亭个案研究 _c |
||
| 250 | _a初版 | ||
| 260 |
_a马来西亚 _b曾衍盛 _c2011 |
||
| 300 | _b平 | ||
| 650 | _a马来西亚史地--马六甲 | ||
| 942 |
_cBK _o738.678 ZYS |
||
| 999 |
_c64586 _d64576 |
||